| 000 | 00565nam a22001577a 4500 | ||
|---|---|---|---|
| 003 | OSt | ||
| 005 | 20150906112930.0 | ||
| 008 | 150906b xxu||||| |||| 00| 0 eng d | ||
| 040 | _cRUA | ||
| 082 | _aAGR ហូត 1991 B004 Or.1 | ||
| 100 |
_996 _aហូត អៀងតុង |
||
| 245 | _aបច្ចេកទេសផ្សាំ និង បំបៅដំណាំហូបផ្លែក្នុងលក្ខខ័ណ្ឌ ប្រទេសកម្ពុជា | ||
| 260 |
_aPhnom Penh _bRUA _c1991 |
||
| 300 |
_a56p. _bill. _c29cm. |
||
| 942 |
_2ddc _cAGR |
||
| 999 |
_c90 _d90 |
||